000 01309nam0a22002891 4500
001 v19\rc\1740653
005 20061204151846.7
035 _a(NLR Aleph) 004893690
090 _a5298589
_c5298589
100 _a20061204e19021902|||y0rusy50 ca
101 0 _arus
102 _aRU
105 _ay z |||||
200 1 _aОлонецкие мраморы и мраморное производство в Петрозаводском уезде
_eДоклад А.Л. Гарязина
_fСъезд деятелей по кустарной пром. в Спб. 1902 г. № 24
210 _a[Санкт-Петербург]
_cтип. В. Киршбаума
_d[1902]
215 _a39 с.
_d24
309 _aБез тит. л. и обл.
311 _aОтт. из "Тр. Съезда деятелей по кустарной пром. в С.-Петербурге". 1902, ч. 1
488 0 _12001#$aТруды Съезда деятелей по кустарной промышленности в Санкт-Петербурге$v1902, ч. 1
700 1 _aГарязин
_bА. Л.
_f1867-
_gАлександр Львович
801 0 _aRU
_bNLR
_gpsbo
801 0 _aRU
_bRuMoRGB
_2psbo
801 1 _aRU
_bProSoft-M
_2rusmarc
852 _aNLR
_jЭк40/Б-7/6
899 _aRuMoRGB
_jW 52/1396
942 _cBOOK
980 _aNB